Szczegóły MARC21

Marketing w praktyce : kompletny kurs z ćwiczeniami. Z. 1, Co to jest marketing? /

003 -Nazwa inst., której nr kontr. jest w polu 001 [,]
    • @
    • Nazwa instytucji, której n kontrolny jest w polu 001
    • NUKAT
005 -DATA I CZAS OSTATNIEJ MODYFIKACJI [,]
    • @
    • pole kontrolne
    • 20260429180021.0
020 -Międzynarod. znormalizowany nr książki - ISBN [ , ]
    • a
    • Numer ISBN
    • 8390184907 Find
    • q
    • Dopowiedzenie
    • całość
020 -Międzynarod. znormalizowany nr książki - ISBN [ , ]
    • a
    • Numer ISBN
    • 8390184915 Find
    • q
    • Dopowiedzenie
    • t. 1
040 -Instytucja sporządzająca opis [ , ]
    • a
    • Instytucja, która sporządziła opis (NP)
    • LUBL M/AB
    • c
    • Instytucja, która sporządziła rekord (NP)
    • LUBL M/AB
    • d
    • Instytucja, która zmodyfikowała rekord (P)
    • LUBL M/ABs
    • d
    • Instytucja, która zmodyfikowała rekord (P)
    • LUBL M/IK
041 -Język dokumentu [1, ]
    • a
    • Język tekstu (P)
    • polski
    • h
    • Język tekstu oryginalnego i/lub pośredniego (P)
    • angielski
942 -Rodzaj dokumentu [ , ]
    • c
    • Rodzaj dokumentu
    • Książka
100 -Hasło główne - nazwa osobowa [1, ]
    • a
    • Nazwa osobowa (NP)
    • Davies, Peter.
    • 9
    • KHW
    • 470349
245 -Strefa tytułu i oznaczenia odpowiedzialności [1,0]
    • a
    • Tytuł
    • Marketing w praktyce : Find
    • b
    • Ciąg dalszy tytułu (NP)
    • kompletny kurs z ćwiczeniami. Find
    • n
    • Oznaczenie części (P)
    • Z. 1,
    • p
    • Nazwa części (P)
    • Co to jest marketing? /
    • c
    • Pozostałe elementy strefy tytułu i oznaczenia odpowiedzialności (NP)
    • Peter Davies, David Pardey ; [z jęz. ang. tł. Ireneusz Opaliński].
246 -Wariant tytułu [1, ]
    • i
    • Tekst wyświetlany na ekranie monitora (NP)
    • Tyt. oryg.:
    • a
    • Tytuł (NP)
    • Making sense of marketing
260 -Strefa adresu wydawniczego [ , ]
    • a
    • Miejsce wydania (P)
    • Rzeszów :
    • b
    • Nazwa wydawcy (P)
    • Ośrodek Usług Informatycznych KomSoft,
    • c
    • Data wydania (P)
    • 1994.
300 -Strefa opisu fizycznego [ , ]
    • a
    • Określenie formy książki i/lub objętość (NP)
    • 144 s. :
    • b
    • Oznaczenie ilustracji (NP)
    • il. ;
    • c
    • Format (NP)
    • 24 cm.
336 -Typ zawartości [ , ]
    • a
    • Termin opisujący typ zawartości
    • Tekst
    • b
    • Kod określający zawartość
    • txt
    • 2
    • Źródło (terminu i kodu)
    • rdacontent
337 -Typ mediów [ , ]
    • a
    • Tryb odtwarzania
    • Bez urządzenia pośredniczącego
    • b
    • Kod typu mediów
    • n
    • 2
    • Źródło (terminu i kodu)
    • rdamedia
338 -Typ/rodzaj nośnika [ , ]
    • a
    • Hasło opisujące typ nośnika
    • Wolumin
    • b
    • Kod typu nośnika
    • nc
    • 2
    • Źródło (terminu i kodu)
    • rdacarrier
380 -Deskryptor - Forma dzieła (P) [ , ]
    • a
    • forma dzieła (NP)
    • Książki
380 -Deskryptor - Forma dzieła (P) [ , ]
    • a
    • forma dzieła (NP)
    • Publikacje fachowe
388 -Deskryptor - czas powstania dzieła (P) [1, ]
    • a
    • Czas powstania dzieła (NP)
    • 1901-2000
500 -Uwaga ogólna [ , ]
    • a
    • Uwaga ogólna (NP)
    • W r. 1994 ukazało się wyd. z ilością s. 122.
080 -Uniwersalna Klasyfikacja Dziesiętna [ , ]
    • a
    • Symbol klasyfikacji
    • 339.13
    • 9
    • UKD
    • 3291
    • 2
    • Identyfikator wydania tablic
    • UDC-P058
    • b
    • Dopowiedzenie
    • Rynek. Podaż. Popyt. Konkurencja. Środki oddziaływania na rynek. Polityka rynkowa.
650 -Hasło przedmiotowe [ ,7]
    • a
    • Hasło przedmiotowe
    • Marketing
    • 2
    • Źródło terminu
    • DBN
    • 9
    • KHW
    • 723964
650 -Hasło przedmiotowe [ ,7]
    • a
    • Hasło przedmiotowe
    • Polityka
    • 2
    • Źródło terminu
    • DBN
    • 9
    • KHW
    • 721750
650 -Hasło przedmiotowe [ ,7]
    • a
    • Hasło przedmiotowe
    • Produkcja
    • 2
    • Źródło terminu
    • DBN
    • 9
    • KHW
    • 726390
650 -Hasło przedmiotowe [ ,7]
    • a
    • Hasło przedmiotowe
    • Przedsiębiorstwo
    • 2
    • Źródło terminu
    • DBN
    • 9
    • KHW
    • 721070
650 -Hasło przedmiotowe [ ,7]
    • a
    • Hasło przedmiotowe
    • Rynek (ekonomia)
    • 2
    • Źródło terminu
    • DBN
    • 9
    • KHW
    • 729474
650 -Hasło przedmiotowe [ ,7]
    • a
    • Hasło przedmiotowe
    • Marketing
    • v
    • Określnik formalny
    • zadania i ćwiczenia.
    • 2
    • Źródło terminu
    • kaba
    • 9
    • KHW
    • 356951
655 -Hasło w funkcji tematu formalnego [ ,7]
    • a
    • Hasło
    • Ćwiczenia i zadania
    • 2
    • Źródło terminu
    • DBN
    • 9
    • KHW
    • 720930
658 -Ujęcie treści [ , ]
    • a
    • dziedzina nauki i sztuki/ sfera aktywności życiowej
    • Gospodarka, ekonomia, finanse
980 -Symbol UKD [ , ]
    • a
    • UKD
    • 339.13
700 -Hasło dodatkowe - nazwa osobowa [1, ]
    • a
    • Nazwa osobowa (NP)
    • Pardey, David. Find
    • 9
    • KHW
    • 470351
700 -Hasło dodatkowe - nazwa osobowa [1, ]
    • a
    • Nazwa osobowa (NP)
    • Opaliński, Ireneusz. Find
    • e
    • Określenie rodzaju współpracy
    • Tł.
    • 9
    • KHW
    • 470350
920 -ISBN [ , ]
    • a
    • ISBN
    • 83-901849-0-7 Find
    • q
    • Dopowiedzenie
    • całość
920 -ISBN [ , ]
    • a
    • ISBN
    • 83-901849-1-5 Find
    • q
    • Dopowiedzenie
    • t. 1
Status udost. Numer inwentarzowy Sygnatura Data inwentaryzacji Lokalizacja
-2E.63997 1996-11-18BE
-6TS.80908TS.809081997-09-30T